Practicas de electrónica industrial
Gorde:
| Egile nagusia: | |
|---|---|
| Formatua: | Liburua |
| Hizkuntza: | Spanish |
| Argitaratua: |
Barcelona : Marcombo,
1974.
|
| Gaiak: | |
| Etiketak: |
Etiketa erantsi
Etiketarik gabe, Izan zaitez lehena erregistro honi etiketa jartzen!
|
MARC
| LEADER | 00000nam a2200000Ia 4500 | ||
|---|---|---|---|
| 003 | L000400 | ||
| 005 | 20221231143945.0 | ||
| 008 | 140114s1974 sp a 000 ||spa d | ||
| 020 | |a 8426700489 | ||
| 040 | |c cru CEDI | ||
| 082 | |a 621.381.072 Z39p | ||
| 100 | |a Zbar, Paul B., 1911- |9 19286 | ||
| 245 | |a Practicas de electrónica industrial | ||
| 260 | |a Barcelona : Marcombo, |c 1974. | ||
| 300 | |a 272 páginas : ilustraciones ; 24 cm | ||
| 650 | |x ELECTRONICA - ESTUDIO Y ENSEÑANZA |9 19287 | ||
| 942 | |2 ddc |c BK | ||
| 999 | |c 14784 |d 14784 | ||



